Конференция памяти академика М.А. Усова; Геология и геофизика; № 11

Dades bibliogràfiques
Parent link:Геология и геофизика: научный журнал/ Российская академия наук (РАН), Сибирское отделение (СО).— , 1960-.— 0016-7886
№ 11.— 1983.— С. 141-142
Autor principal: Шварцев С. Л. Степан Львович
Altres autors: Росляков П. А., Кортусов М. П.
Idioma:rus
Publicat: 1983
Matèries:
Format: MixedMaterials Capítol de llibre
KOHA link:https://koha.lib.tpu.ru/cgi-bin/koha/opac-detail.pl?biblionumber=411870

MARC

LEADER 00000naa2a2200000 4500
001 411870
005 20231101071628.0
035 |a (RuTPU)RU\TPU\prd\66360 
090 |a 411870 
100 |a 20090515a1983 k y0rusy50 ca 
101 0 |a rus 
102 |a RU 
200 1 |a Конференция памяти академика М.А. Усова  |f С. Л. Шварцев, П. А. Росляков , М. П. Кортусов  
461 0 |0 (RuTPU)RU\TPU\prd\1420  |x 0016-7886  |t Геология и геофизика  |o научный журнал  |f Российская академия наук (РАН), Сибирское отделение (СО)  |d 1960- 
463 0 |0 (RuTPU)RU\TPU\prd\63576  |t № 11  |v С. 141-142  |d 1983 
610 1 |a труды учёных ТПУ 
700 1 |a Шварцев  |b С. Л.  |c российский гидрогеолог, доктор геолого-минералогических наук  |c профессор Томского политехнического университета, академик РАЕН  |f 1936-  |g Степан Львович  |2 stltpush  |3 (RuTPU)RU\TPU\pers\25914 
701 1 |a Росляков  |b П. А.  |4 070 
701 1 |a Кортусов  |b М. П.  |4 070 
801 1 |a RU  |b 63413507  |c 20090515  |g PSBO 
801 2 |a RU  |b 63413507  |c 20100413  |g RCR 
942 |c BK